[Event "CAN Ch"]
[Site "Toronto CAN"]
[Date "1996.??.??"]
[Round "7"]
[White "Spraggett, Kevin B"]
[Black "Horton, Joe"]
[Result "1-0"]
[WhiteElo "2545"]
[BlackElo "2325"]
[PlyCount "101"]
[EventDate "1996.??.??"]
[Source "www.chesslib.no"]
[SourceDate "2004.05.04"]

1. c4 g6 2. g3 Bg7 3. Bg2 c5 4. e3 Nc6 5. Ne2 Nf6 6. Nbc3 O-O 7. d4 cxd4 8. exd4 d6 9. O-O Bf5 10. h3 Qc8 11. Kh2 e5 12. d5 Nb4 13. b3 h5 14. Bg5 Re8 15. Qd2 a5 16. Nb5 Ra6 17. Nec3 Nc2 18. Rac1 Nd4 19. Be3 Bxh3 20. Bxd4 Bxg2 21. Kxg2 exd4 22. Nxd4 Ne4 23. Nxe4 Rxe4 24. Nb5 a4 25. f3 Re7 26. b4 Qd7 27. Rfe1 Be5 28. Re2 Ra8 29. Rce1 Rae8 30. Qd3 Kg7 31. c5 dxc5 32. bxc5 Bf6 33. Nd6 Rd8 34. Rb1 Rb8 35. Ne4 Rbe8 36. Rbe1 Re5 37. Nxf6 Rxe2+ 38. Rxe2 Rxe2+ 39. Qxe2 Kxf6 40. Qb2+ Ke7 41. Qe5+ Kd8 42. d6 Qe8 43. Qb2 Qd7 44. Kf2 Qc6 45. Qf6+ Kc8 46. Qh8+ Kd7 47. Qe5 Kc8 48. Kg2 Qd7 49. a3 Qe6 50. Qxe6+ fxe6 51. Kh3 1-0